Loreto College Library, Kolkata
WEBOPAC (ONLINE PUBLIC ACCESS CATALOGUE)

EFA Global Monitoring Report 2009 (Record no. 36405)

MARC details
000 -LEADER
fixed length control field 00643nam a2200217Ia 4500
008 - FIXED-LENGTH DATA ELEMENTS--GENERAL INFORMATION
fixed length control field 140110s9999 xx 000 0 und d
020 ## - ISBN | অাই এস বি এন
ISBN | অাই এস বি এন 9780199544196
PRICE Rs 995
040 ## - CATALOGING SOURCE
Original cataloging agency Loreto College
041 ## - LANGUAGE CODE
Language code English
082 ## - DDC | ডিউই
Classification number | বর্গসংখ্যা 379.26/UNE
Book Number | গ্রন্থাঙ্ক LCLIB/47951
245 ## - TITLE STATEMENT | অাখ্যা বিবরণী
Title | অাখ্যা EFA Global Monitoring Report 2009
Sub title | উপঅাখ্যা Overcoming inequality : why governance matters
260 ## - IMPRINT | প্রকাশনা ক্ষেত্র
Place of publication | প্রকাশ স্থান Paris
Name of publisher | প্রকাশকের নাম UNESCO
Date of publication | প্রকাশ কাল 2008
300 ## - PHYSICAL DESCRIPTION |
Page / Vol. No | পৃষ্ঠা / খন্ড সংখ্যা x,463p
Other physical details | অনান্য বাহ্যিক বিবরণ Tables, figures, maps, text boxes
504 ## - BIBLIOGRAPHY, ETC. NOTE
Bibliography, etc Includes references and index
630 ## - SUBJECT ADDED ENTRY--UNIFORM TITLE
Uniform title Education For All
630 ## - SUBJECT ADDED ENTRY--UNIFORM TITLE
Uniform title UNESCO
650 ## - SUBJECT ADDED ENTRY--TOPICAL TERM | বিষয় শিরোনাম - মূল বিষয়
Topical term | মূল বিষয় EFA
651 ## - SUBJECT ADDED ENTRY--GEOGRAPHIC NAME | বিষয় শিরোনাম - ভৌগলিক নাম
Geographic name | ভৌগলিক বিষয় Education
850 ## - HOLDING INSTITUTION
Holding institution LCLIB/379.26/UNE
942 ## - ADDED ENTRY ELEMENTS (KOHA)
Koha item type Books
Holdings
Withdrawn status Lost status Damaged status Not for loan Home library Current library Date acquired Total Checkouts Full call number Accession No. Date last seen Price effective from Koha item type
        Loreto College Loreto College 04/11/2013   379.26/UNE LCLIB/47951 B39420 04/11/2013 04/11/2013 Books